000 00721nam a2200253Ia 4500
003 OSt
005 20220918222017.0
006 a|||||r|||| 00| 0
007 ta
008 220917b |||||||| |||| 00| 0 eng d
024 _a214,441
037 _cTextual
040 _aARTS
_cARTS
_beng
041 _2eng
_aeng
082 _aR6xM72,SA:g(/\), L2-;1
100 _aMehta Rohit
_924340
245 0 _aDialogue with death
_b Shri Aurobindo's Savitri, a mystical approach
260 _aDelhi
_bMotilal Banarsidass
_c1996
300 _a370 p
_ccm.
500 _arep. of 1972
650 _aINDIAN PHILOSOPHY
942 _hR6xM72,SA:g(/\), L2-;1
_cTEXL
_2CC
999 _c274307
_d274307